[Event "IND-ch U15 Girls 39th"]
[Site "Jalgaon"]
[Date "2024.01.02"]
[Round "9"]
[White "Aamuktha, Guntaka"]
[Black "Sachi, Jain"]
[Result "1/2-1/2"]
[WhiteElo "1532"]
[BlackElo "1844"]
[PlyCount "93"]
[EventDate "2023.12.27"]
[EventType "swiss"]
[EventRounds "11"]
[EventCountry "IND"]
[SourceTitle "CB02_2024"]
[SourceDate "2024.01.10"]
[SourceVersion "1"]
[SourceVersionDate "2024.01.10"]
[SourceQuality "1"]

1. e4 e5 2. Nf3 d6 3. d4 Nd7 4. Nc3 c6 5. Be3 Be7 6. Be2 Ngf6 7. h3 Qc7 8. a4 h6 9. Qd2 Nf8 10. Bc4 Bd7 11. Qe2 g5 12. Nd2 Ng6 13. g3 Qc8 14. Qf1 Nh7 15. dxe5 dxe5 16. 0-0-0 Qc7 17. Nb3 Nhf8 18. Nc5 Bxc5 19. Bxc5 Ne6 20. Bd6 Qb6 21. Bxe6 Bxe6 22. Ba3 Rd8 23. Qg2 Rd7 24. Qf3 Kd8 25. Qf6+ Kc8 26. Rxd7 Kxd7 27. Rd1+ Kc8 28. Bd6 Re8 29. Rd2 Rd8 30. b3 Rd7 31. Nd1 Qd8 32. Qxd8+ Kxd8 33. g4 f6 34. f3 Ke8 35. Bc5 b6 36. Be3 Nh4 37. Rf2 c5 38. c4 Bf7 39. Kc2 Bg6 40. Nc3 Kf7 41. Rf1 Ng2 42. Bc1 Nh4 43. Be3 Ke6 44. Bd2 h5 45. Be1 Ng2 46. Bd2 Rh7 47. Rf2 1/2-1/2

[Event "IND-ch U15 Girls 39th"]
[Site "Jalgaon"]
[Date "2024.01.01"]
[Round "8"]
[White "Ananya, Raman"]
[Black "Aamuktha, Guntaka"]
[Result "0-1"]
[WhiteElo "1505"]
[BlackElo "1532"]
[PlyCount "130"]
[EventDate "2023.12.27"]
[EventType "swiss"]
[EventRounds "11"]
[EventCountry "IND"]
[SourceTitle "CB02_2024"]
[SourceDate "2024.01.10"]
[SourceVersion "1"]
[SourceVersionDate "2024.01.10"]
[SourceQuality "1"]

1. e4 c5 2. Nf3 e6 3. d4 cxd4 4. Nxd4 Nf6 5. Nc3 Nc6 6. Ndb5 Bc5 7. Bf4 0-0 8. Bc7 Qe7 9. Bd6 Bxd6 10. Nxd6 a6 11. Na4 Qd8 12. c4 Ne8 13. Nc3 Qb6 14. Rb1 Ne7 15. Nxe8 Rxe8 16. Be2 d5 17. e5 d4 18. Ne4 Qa5+ 19. Nd2 Qxe5 20. 0-0 Rd8 21. Nf3 Qc7 22. Bd3 e5 23. Re1 Nc6 24. Be4 f6 25. Bd5+ Kh8 26. Nh4 Ne7 27. Qh5 Qd7 28. Re4 Nxd5 29. cxd5 Qe8 30. Qe2 g5 31. Nf3 Bf5 32. Nxg5 Bxe4 33. Nxe4 Qg6 34. Rc1 Rac8 35. Rxc8 Rxc8 36. h3 f5 37. Nd2 e4 38. Nb3 Qd6 39. Qd2 d3 40. Qa5 Rc2 41. Qa4 b5 42. Qd4+ Kg8 43. g3 Rc7 44. g4 Rg7 45. Kh1 Rd7 46. gxf5 Qxd5 47. Qe3 Qxf5 48. Nd2 Rg7 49. Nxe4 Qg6 50. Ng3 Rd7 51. Qd2 Qc6+ 52. Kh2 Qd5 53. b3 Rc7 54. Qd1 Qd7 55. Ne4 Qd8 56. Qg4+ Rg7 57. Qd1 Qd4 58. Qf3 Qe5+ 59. Ng3 d2 60. Qa8+ Kf7 61. Qb7+ Ke6 62. Qc8+ Kd6 63. Qd8+ Rd7 64. Qf8+ Kc7 65. Qb4 d1Q 0-1

[Event "IND-ch U15 Girls 39th"]
[Site "Jalgaon"]
[Date "2023.12.31"]
[Round "6"]
[White "Aamuktha, Guntaka"]
[Black "Sherali, Pattnaik"]
[Result "1-0"]
[WhiteElo "1532"]
[BlackElo "1575"]
[PlyCount "151"]
[EventDate "2023.12.27"]
[EventType "swiss"]
[EventRounds "11"]
[EventCountry "IND"]
[SourceTitle "CB02_2024"]
[SourceDate "2024.01.10"]
[SourceVersion "1"]
[SourceVersionDate "2024.01.10"]
[SourceQuality "1"]

1. e4 e5 2. Nf3 Nc6 3. Bb5 a6 4. Ba4 Nf6 5. 0-0 Nxe4 6. d4 b5 7. Bb3 d5 8. dxe5 Be6 9. c3 Bc5 10. Nbd2 0-0 11. Bc2 Nxf2 12. Rxf2 f6 13. Nf1 Bxf2+ 14. Kxf2 fxe5 15. Kg1 h6 16. Be3 Qd6 17. b4 Rf7 18. a4 Rd8 19. axb5 axb5 20. Bc5 Qd7 21. Qe1 e4 22. N3d2 Ne5 23. Rd1 Bg4 24. Ra1 Re8 25. Qe3 Ng6 26. Ng3 Qd8 27. h3 Bd7 28. Ne2 Nh4 29. Ng3 Re5 30. Rf1 Rxf1+ 31. Ndxf1 Rg5 32. Qf2 Qc8 33. Kh2 Qd8 34. Bd1 Qf6 35. Bd4 Qxf2 36. Bxf2 Re5 37. Ne3 Ng6 38. Ne2 c6 39. Nd4 Re8 40. Bh5 Kh7 41. Nef5 Rf8 42. Bxg6+ Kxg6 43. g4 Re8 44. Be3 Kf6 45. Kg3 Ra8 46. h4 Ra3 47. Bd2 Ra2 48. Be3 Ra3 49. g5+ hxg5 50. hxg5+ Kg6 51. Nh4+ Kf7 52. Ne2 Ra2 53. Nf4 Rc2 54. Bd4 Rd2 55. Nhg2 Bc8 56. Ne3 Bd7 57. g6+ Kf8 58. Nh5 Kg8 59. Nf4 Kf8 60. Nh5 Kg8 61. Kf4 Be8 62. Kg5 Bd7 63. Bxg7 Rh2 64. Be5 Rxh5+ 65. Kxh5 Be8 66. Kh6 Bd7 67. Bd4 Bc8 68. Ng2 Kf8 69. g7+ Kg8 70. Nf4 Bf5 71. Nh5 Bh7 72. Nf6+ Kf7 73. Kxh7 e3 74. g8Q+ Ke7 75. Qe8+ Kd6 76. Qe5# 1-0

[Event "IND-ch U15 Girls 39th"]
[Site "Jalgaon"]
[Date "2023.12.29"]
[Round "4"]
[White "Aamuktha, Guntaka"]
[Black "Rajanya, Datta"]
[Result "1-0"]
[WhiteElo "1532"]
[BlackElo "1688"]
[PlyCount "123"]
[EventDate "2023.12.27"]
[EventType "swiss"]
[EventRounds "11"]
[EventCountry "IND"]
[SourceTitle "CB02_2024"]
[SourceDate "2024.01.10"]
[SourceVersion "1"]
[SourceVersionDate "2024.01.10"]
[SourceQuality "1"]

1. e4 e5 2. Nf3 Nc6 3. Bb5 a6 4. Ba4 Nf6 5. 0-0 Nxe4 6. d4 b5 7. Bb3 d5 8. dxe5 Be6 9. c3 Bc5 10. Nbd2 0-0 11. Bc2 Nxf2 12. Rxf2 f6 13. Nf1 Bxf2+ 14. Kxf2 fxe5 15. Kg1 Bg4 16. Bb3 Ne7 17. Bg5 c6 18. Qe2 Rf5 19. Bxe7 Bxf3 20. Bxd8 Bxe2 21. Ng3 Rf7 22. Bb6 Bd3 23. Re1 Re8 24. Nh1 h6 25. Nf2 Bf5 26. Bd1 Rf6 27. Ng4 Rfe6 28. Ne3 Bd3 29. Bc2 Bxc2 30. Nxc2 Kf7 31. Nb4 g5 32. Nxa6 Rf6 33. Nb4 Kg6 34. Rf1 Rfe6 35. Na6 R6e7 36. Bc5 Rd7 37. Nb4 Re6 38. Rd1 Rf7 39. g3 h5 40. Rf1 Rd7 41. Rf2 Re8 42. Kf1 Re6 43. Ke1 d4 44. Rd2 Kf5 45. h3 Ke4 46. cxd4 Kf3 47. Rd3+ Kg2 48. Re3 Rf7 49. dxe5 Kxh3 50. Nc2 Rd7 51. Nd4 Re8 52. Nf5 Rd5 53. Bd6 Re6 54. Ke2 Kg4 55. Ng7 Rdxd6 56. exd6 Rxd6 57. Re4+ Kxg3 58. Nf5+ Kh3 59. Nxd6 g4 60. Kf1 g3 61. Nf5 c5 62. Rh4# 1-0